Statistics for Burn After Reading - The Movie

Click here to take the quiz!

General Stats

  • This quiz has been taken 13 times
  • The average score is 10 of 20

Answer Stats

HintAnswer% Correct
6) Which Embassy did 'Linda' and 'Chad' (Pitt) visit together?Russian
100%
3) What Vegetable was 'Harry' chopping up when 'Katie' (Swinton) asked him if he had enough of?Carrot
91%
14) What was found on the locker-room floor by 'Manolo' (Aranas)?CD
91%
1) What was tne name of the Fitness Centre where 'Linda' (McDormand) worked?Hard Bodies
82%
2) Which Country did 'Harry' (Clooney) try to fly to?Venezuela
82%
9) What Religion did 'Osborne' say 'Peck' (Clancy) was when 'Osborne' was accused of being a drinker?Mormon
73%
7) In which City was 'Harry's' wife 'Sandy' (Marvel) having an affair?Seattle
64%
12) When 'Osborne' told 'Katie's' secretary to tell 'Katie' that he had a new Key, what did he have?An Axe
64%
17) What was the exact mileage told to 'Harry' by 'Katie' in Washington when he was about to jog back to her house?5.2 miles
45%
20) What make of bicycle does 'Osborne' mistakenly say 'Chad' has?Schwinn
45%
4) What was the full name of the character played by John Malkovich?Osborne Cox
45%
8) What was 'Ted's' (Jenkins) former occupation in the photo he showed 'Linda'?Orthodox Priest
36%
13) What was 'Osborne's' father sat in?Wheelchair
36%
16) Which University Reunion did 'Osborne' attend?Princeton
27%
18) What did the Plastic Surgeon ask 'Linda' if she wanted something done about and 'Linda' replied "Does it really matter, you see many women with one?Vaccination Scar
27%
19) When 'Harry' asks the lawyer's agent on the footpath "Tuchman Marsh', is that a Law Firm?" what does the agent answer?No a Rock Band, yes a Law Firm
27%
10) 'Sandy' writes a Children's Book Series called "Oliver the ......." What?Cat
18%
11) What was the name of 'Osborne's' boss who told 'Osborne' "We are not going to eliminate you" ?Palmer
9%
5) What song did 'Harry' sing in the shower?My Eyes Adored You
0%
15) The end music 'CIA Man' was performed by which group?The Fugs
0%

Score Distribution

Percentile by Number Answered

Percent of People with Each Score

Your Score History

You have not taken this quiz